| 000 | 01339cam a2200325 a 4500 | ||
|---|---|---|---|
| 001 | 4732937 | ||
| 003 | ARRUPE | ||
| 005 | 20221130092127.0 | ||
| 008 | 840723s1984 tnu d 000 0 eng | ||
| 010 | _a 84016562 | ||
| 020 | _a0840753608 | ||
| 028 | _bArrupe | ||
| 040 |
_aDLC _cDLC _dDLC |
||
| 041 | 0 | _aenggrcheb | |
| 050 | 0 | 0 |
_aBS425 _b.S8 1984 |
| 082 | 0 | 0 |
_a220.5/2033 _219 |
| 100 | 1 |
_aStrong, James, _d1822-1894. _924129 |
|
| 240 | 1 | 0 | _aNew exhaustive concordance of the Bible |
| 245 | 1 | 4 |
_aThe New Strong's exhaustive concordance of the Bible : _bwith main concordance, appendix to the main concordance, key verse comparison chart, dictionary of the Hebrew Bible, dictionary of the Greek Testament / _cJames Strong. |
| 260 |
_aNashville : _bT. Nelson Publishers, _cc1984. |
||
| 300 |
_avi, 1260, 85, 243, 126, 79 p. ; _c29 cm. |
||
| 500 | _aRev. ed. of: Exhaustive concordance of the Bible / James Strong. | ||
| 630 | 0 | 0 |
_aBible _xConcordances, English. _952131 |
| 650 | 0 |
_aHebrew language _xDictionaries _xEnglish. _952132 |
|
| 650 | 0 |
_aGreek language, Biblical _xDictionaries _xEnglish. _952133 |
|
| 700 | 1 |
_aStrong, James, _d1822-1894. _tExhaustive concordance of the Bible. _952134 |
|
| 740 | 0 | _aNew exhaustive concordance of the Bible. | |
| 906 |
_a7 _bcbc _corignew _d1 _eocip _f19 _gy-gencatlg |
||
| 942 |
_2lcc _cREFERENCE |
||
| 999 |
_c131610 _d131610 |
||